| 000 | 00403 a2200145 4500 | ||
|---|---|---|---|
| 005 | 20250531120521.0 | ||
| 020 | _a978-0-13-233504-1 | ||
| 082 | _a657.48 REI | ||
| 100 | _aREIMERS, J. L. | ||
| 245 | _aFinancial Accounting: A Business Process Approach. | ||
| 250 | _a2nd Ed. | ||
| 260 |
_aCanada, _bPrentice Hall, _c2008. |
||
| 300 |
_axxi, 632p.: ill.; Picture _bGlossary & Index _c28cm |
||
| 942 |
_2ddc _cBKS |
||
| 999 |
_c2912 _d2912 |
||